00346nam a22000977a 4500082001700000100002300017245011700040260002600157300001000183650005500193 aTNC A99 V836 aMukherji, Santi L. aThe Philosophy of man-making :bA study in social and political ideas of Swami Vivekanandacby Santi L. Mukherji aCalcuttabNew Central a468p. aVivekananda, Swami - Criticism and interpretation